000 00604nam a2200229Ia 4500
003 OSt
005 20221005050501.0
006 a|||||r|||| 00| 0
007 ta
008 221004b |||||||| |||| 00| 0 per d
024 _a46875
037 _cTextual
040 _aCRL
_cCRL
_bper
041 _2per
_aper
082 _aO164m, K6
245 0 _aMajalla-e-idara-e-tahqeeqat-e-Pakistan
260 _aLahore
_bDayal Singh trust library Pakistan
_c1966
300 _a108p.
_ccm.
650 _aPERSIAN LITERATURE
_9309
942 _hO164m, K6
_cTEXL
_2cc
999 _c957163
_d957163